Statistics for 陕西省地图 Shaanxi Map Quiz

Click here to take the quiz!

General Stats

  • This quiz has been taken 1 573 times
  • The average score is 8 of 10

Answers on the Map

Answers color-coded by a green-red scale on the quiz's map according to % correct below.
 

Answer Stats

区划% Correct
西安市
100%
延安市
91%
咸阳市
90%
榆林市
90%
汉中市
87%
宝鸡市
86%
渭南市
74%
安康市
71%
商洛市
68%
铜川市
68%

Score Distribution

Percentile by Number Answered

Percent of People with Each Score

Your Score History

You have not taken this quiz